| 000 | 00870na a2200229 4500 | ||
|---|---|---|---|
| 001 | 19586 | ||
| 003 | MIRAKIL | ||
| 005 | 20181213155108.0 | ||
| 008 | 161219b tu 000 0 | ||
| 040 |
_aMilas _btur _cTR-AnCHP |
||
| 041 | _atur | ||
| 082 |
_a370.021 _bM54 1987 |
||
| 090 | _a370.021 M54 1987 | ||
| 245 |
_aMilli eğitim gençlik ve spor istatistikleri=Statistics of national education youth and sports _b1986-1987 öğretim yılı=1986-1987 school year _cMilli Eğitim Gençlik ve Spor Bakanlığı |
||
| 260 |
_aAnkara _bMilli Eğitim Gençlik ve Spor Bakanlığı _c1987 |
||
| 300 |
_axxvii, 602 s. _btbl. _c28 sm. |
||
| 610 |
_aMilli Eğitim Gençlik ve Spor Bakanlığı _xİstatistikler |
||
| 650 |
_aSpor _xİstatistikler |
||
| 650 |
_aMilli eğitim _xİstatistikler |
||
| 710 | _aMilli Eğitim Gençlik ve Spor Bakanlığı | ||
| 942 |
_2ddc _cBKS |
||
| 999 |
_c6460 _d6460 |
||